000 00587nam a22002057a 4500
003 OSt
005 20140310182429.0
008 130212t xxu||||| |||| 00| 0 eng d
020 _a9716220154
050 _bGR 326.L33
_a.J62 2003
100 _aJocano, Landa F.
245 _aFolk medicine in a Philippine municipality
_c F. Landa Jocano
260 _aMetro Manila :
_bPUNLAD Research House,
_c2003.
300 _a263 p.:
_c 23 cm.
521 _aNUR
562 _e1
650 _a1. Traditional medicine
_vPhilippines--Laguna (Province.)
942 _2lcc
_cBK
_kLOC
999 _c13326
_d13326